PV Introduction to Computers (Record no. 156616)

MARC details
000 -LEADER
fixed length control field 00351nam a2200133Ia 4500
008 - FIXED-LENGTH DATA ELEMENTS--GENERAL INFORMATION
fixed length control field 230411s9999 xx 000 0 und d
041 ## - LANGUAGE CODE
Language code of text/sound track or separate title eng
082 ## - DEWEY DECIMAL CLASSIFICATION NUMBER
Classification number C/004/JAI/NEE/B06184
100 ## - MAIN ENTRY--PERSONAL NAME
Personal name Jain Pooja & Neelam Kumari
245 ## - TITLE STATEMENT
Title PV Introduction to Computers
260 ## - PUBLICATION, DISTRIBUTION, ETC. (IMPRINT)
Name of publisher, distributor, etc. S Vikas and Co
Place of publication, distribution, etc. Jalandhar
300 ## - PHYSICAL DESCRIPTION
Extent 368p
Holdings
Withdrawn status Lost status Damaged status Not for loan Collection code Home library Current library Date acquired Vendor Cost, normal purchase price Bill number Total Checkouts Full call number Barcode Date last seen Cost, replacement price Bill Date Koha item type Original Barcode
          Smt. Bakul Tambat Institute of Nursing Education Smt. Bakul Tambat Institute of Nursing Education 17/04/2010 S Vikas and Co 375.00 4391   C 004 JAI NEE B06184 BTIN-BK-6184 11/04/2023 281.00 17/04/2010 Books B06184